| 000 | 00656nam a2200205Ia 4500 | ||
|---|---|---|---|
| 005 | 20260225203119.0 | ||
| 008 | 210422s2001 gw ac 001 0 spa d | ||
| 020 | _a3-8228-0957-8 | ||
| 041 | _aESPAÑOL | ||
| 082 | _a759.36 / S73 | ||
| 100 | _aSTEINER, REINHARD | ||
| 245 | 0 |
_aEGON SCHIELE : _b1890-1918 |
|
| 260 |
_aALEMANIA : _b TASCHEN , _c2001 . |
||
| 300 |
_a96 páginas ; _c18.6 x 23 cm |
||
| 650 | _2LAS ARTES BELLAS ARTES Y ARTES DECORATIVAS | ||
| 650 | _2PINTURA Y PINTURAS | ||
| 650 | _2TRATAMIENTO HISTÓRICO, GEOGRÁFICO, DE PERSONAS | ||
| 700 |
_aSÁNCHEZ RODRIGUEZ , CARMEN _bTRADUCCIÓN AL ALEMÁN |
||
| 942 |
_cGENERAL _2ddc |
||
| 999 |
_c40276 _d40276 |
||